Nadrozmery: nerozhoduje čas, ani vzdialenosť
Špecifiká prepravy nadrozmerného nákladu. Neštandardná preprava. Dôležitosť prípravy a plánovania. Vysoké nároky na bezpečnostné opatrenia. Komunikácia so zákazníkom. Problematická cenotvorba.
Salvato in:
| Autore principale: | |
|---|---|
| Natura: | Capitolo di libro |
| Lingua: | slovacco |
| Soggetti: | |
| Tags: |
Nessun Tag, puoi essere il primo ad aggiungerne!!
|
MARC
| LEADER | 00000naa a2200000 4500 | ||
|---|---|---|---|
| 001 | 0247175 | ||
| 005 | 20180830094602.9 | ||
| 041 | 0 | |a slo | |
| 044 | |a CZ | ||
| 245 | 1 | 0 | |a Nadrozmery: nerozhoduje čas, ani vzdialenosť |c Jozef Brezovský |
| 520 | |a Špecifiká prepravy nadrozmerného nákladu. Neštandardná preprava. Dôležitosť prípravy a plánovania. Vysoké nároky na bezpečnostné opatrenia. Komunikácia so zákazníkom. Problematická cenotvorba. | ||
| 610 | 2 | 0 | |a preprava |
| 610 | 2 | 0 | |a doprava cestná nákladná |
| 610 | 2 | 0 | |a logistika |
| 610 | 2 | 0 | |a plánovanie |
| 610 | 2 | 0 | |a bezpečnosť dopravy |
| 610 | 2 | 0 | |a komunikácia |
| 610 | 2 | 0 | |a zákazníci |
| 610 | 2 | 0 | |a tvorba cien |
| 100 | 1 | |a Brezovský, Jozef | |